000
00261nam a22001217a 4500
020
_a
81-7450-669-1
082
_a
510
_b
NCE/M
245
_a
MATHEMATICS TEXT BOOK
260
_a
DELHI
_b
NCERT
300
_a
312
650
_a
MATHEMATICS TEXT BOK
_z
DELHI
942
_c
BK
999
_c
6971
_d
6971